Tallest Balkan Peaks by Country - Statistics

General Stats
  • This quiz has been taken 17 times
  • The average score is 2 of 10
Answer Stats
Picture Answer % Correct
Triglav
54%
Korab
38%
Musala
38%
Dinara
23%
Moldoveanu
23%
Gjeravica | Đeravica
8%
Maglic | Maglić
8%
Midzor | Midžor
8%
Mytikas
8%
Zla Kolata
8%
No matching quizzes found
Score Distribution
Percent of People with Each Score
Percentile by Number Answered
Your Score History
You have not taken this quiz